00462nam a2200133 a 450000100100000000500170001000800410002704000250006810000210009324500760011426000390019030000270022950000720025600004504420201002045829.0150130s2001 xxua 000 p spa d aDO-SdBNPbspacBNPHU1 aHidalgo, Enrique10aAntología de poesía para niños :b(1973-1998) /cEnrique Hidalgo. aFlorida :bArista Graphics,c2001. a53 p. :bil. ;c28 cm. aIncluye datos biografícos del autor en la contraportada del libro